Journal of pain management

Detalles Bibliográficos
Autor Corporativo: Nova Science Publishers
Formato: Electrónico Revista
Lenguaje:inglés
Publicado: Hauppauge, NY : Nova Science Publishers
Materias:
Acceso en línea:Full text available from Research Library: 01/01/2011 to present

MARC

LEADER 00000nas a2200000 a 4500
001 ssj0001454335
003 WaSeSS
005 20200512172242.0
006 m d
007 cr n
008 070822c20089999nyuqr p s 0 a0eng
010 |a  2007212278 
016 7 |a 101480118  |2 DNLM 
022 |l 1939-5914  |y 1939-5914 
035 |a (WaSeSS)ssj0001454335 
037 |b Nova Science Publishers, 400 Oser Ave., Ste. 1600, Hauppauge, NY 11788-3619 
040 |a NSDP  |b eng  |c NSDP  |d NSDP  |d DLC  |d DNLM  |d DLC  |d OCoLC  |d WaSeSS 
042 |a pcc  |a nsdp 
050 0 0 |a RB127  |b .J684 
060 0 0 |a W1  |b JO826H 
082 1 0 |a 615  |2 14 
210 1 0 |a J Pain Manag  |2 dnlm 
222 0 |a Journal of pain management 
245 0 0 |a Journal of pain management  |h [electronic resource]. 
260 |a Hauppauge, NY :  |b Nova Science Publishers 
310 |a Quarterly 
362 1 |a Began with vol. 1, no. 1 (Mar. 2008). 
506 |a License restrictions may limit access. 
588 |a Description based on: Vol. 1, no. 1 (Mar. 2008); title from cover. 
588 |a Latest issue consulted: Vol. 1, no. 1 (Mar. 2008). 
650 0 |a Pain  |x Treatment  |v Periodicals. 
650 0 |a Pain  |v Periodicals. 
650 0 |a Pain  |x Therapy  |v Periodicals. 
655 0 |a Electronic journals. 
710 2 |a Nova Science Publishers. 
850 |a DLC 
856 4 0 |z Full text available from Research Library: 01/01/2011 to present  |u https://search.proquest.com/publication/2034829